000 00726nam a2200229Ia 4500
003 OSt
005 20220926030002.0
006 a|||||r|||| 00| 0
007 ta
008 220923b |||||||| |||| 00| 0 eng d
037 _cGeneral Book
040 _aRTL
_cRTL
_beng
041 _2eng
_aeng
082 _aX9(M13):1.1N6.N67<-N50, K7
100 _aSundelin Arne
_9333300
245 0 _aPaper and board consumption pattersn and developme
260 _aParis
_bOrganisation for economic cooperation and development publication.
_c1969
300 _a314p.
_ccm.
650 _aAnimal Husbandry
_9236477
942 _hX9(M13):1.1N6.N67<-N50, K7
_cGB
_2CC
999 _c648374
_d648374